Geography Quiz

Random Geography or Asia Quiz

Clickable South China Sea Countries Quiz Stats

 Plays Quiz Updated Jul 8, 2017

Support Sporcle.
Go Orange.
Score 0/10 Timer 01:00
2 Plays Today
% Correct
China
96.1%
Vietnam
93.6%
Philippines
91.7%
Cambodia
90.8%
Thailand
89.6%
Malaysia
89.2%
Indonesia
87.2%
Taiwan
86.9%
Brunei
82%
Singapore
73.4%

You're not logged in!

Compare scores with friends on all Sporcle quizzes.
OR
Log In
Forgot?

From the Vault

Actors & Actresses by Movie: 'O'

by kfastic

Sandra Oh not included. Seemed too on the nose.
Remove Ads.
Support Sporcle.
Get the best of Sporcle when you Go Orange. This ad-free experience offers more features, more stats, and more fun while also helping to support Sporcle. Thank you for becoming a member.

Show Comments

Extras

Top Quizzes Today


Score Distribution

Your Account Isn't Verified!

In order to create a playlist on Sporcle, you need to verify the email address you used during registration. Go to your Sporcle Settings to finish the process.

Report this User

Report this user for behavior that violates our Community Guidelines.

Details: